Стиль реалізму у драматургії Бернарда Шоу (Запис № 285819)
[ простий вигляд ]
| 000 -LEADER | |
|---|---|
| fixed length control field | 01709nam a22001577a 4500 |
| 041 ## - LANGUAGE CODE | |
| Language code of text/sound track or separate title | ukr |
| 080 ## - UNIVERSAL DECIMAL CLASSIFICATION NUMBER | |
| Universal Decimal Classification number | 09 |
| 090 ## - LOCALLY ASSIGNED LC-TYPE CALL NUMBER (OCLC); LOCAL CALL NUMBER (OCLC) | |
| Local cutter number (OCLC) ; Book number/undivided call number, CALL (RLIN) | ЛОЗ |
| 100 ## - MAIN ENTRY--PERSONAL NAME | |
| Personal name | Лозицька, Т. О.. |
| 245 ## - TITLE STATEMENT | |
| Title | Стиль реалізму у драматургії Бернарда Шоу |
| 260 ## - PUBLICATION, DISTRIBUTION, ETC. (IMPRINT) | |
| Place of publication, distribution, etc | Острог |
| Name of publisher, distributor, etc | КАФ |
| Date of publication, distribution, etc | 2017 |
| 300 ## - PHYSICAL DESCRIPTION | |
| Extent | 139 |
| 520 ## - SUMMARY, ETC. | |
| Summary, etc | Вступ.<br/>Розділ І. Жанрово-стильова еволюція драматургії Б. Шоу.<br/>1.1. Економічний та суспільно-політичний розвиток Великобританії на межі ХІХ-ХХ століть<br/>1.2. Стиль реалізму в англійській драматургії кінця ХІХ століття<br/>1.3. Основні засади нарису "Квінтесенція ібсенізму" Б. Шоу<br/>Розділ ІІ. Вербальні і невербальні характеристики персонажа в комедії Б. Шоу "Серцеїд".<br/>2.1. Флірт як любовний звязок у комедії "Серцеїд"<br/>2.2. Мода елемент формування стилю життя персонажа<br/>Розділ ІІІ. "Нерівний шлюб" Б. Шоу як пєса-дискусія найвищого типу.<br/>3.1. Конфлікт як внутрішній механізм побудови пєси "Нерівний шлюб"<br/>3.2. Авторська стратегія концепції характеру в пєсі Б. Шоу<br/>Висновки.<br/>Список використаної літератури. |
| -- | літературознавство, драматургія, Б.Шоу |
| 650 ## - SUBJECT ADDED ENTRY--TOPICAL TERM | |
| Topical term or geographic name as entry element | Research Papers |
| 942 ## - ADDED ENTRY ELEMENTS (KOHA) | |
| Koha item type | Книги |
| Withdrawn status | Lost status | Source of classification or shelving scheme | Damaged status | Not for loan | Home library | Current library | Date acquired | Source of acquisition | Cost, normal purchase price | Total Checkouts | Full call number | Barcode | Date last seen | Price effective from | Koha item type |
|---|---|---|---|---|---|---|---|---|---|---|---|---|---|---|---|
| Universal Decimal Classification | ВІЛ - Відділ іноземн. літератури НБ | ВІЛ - Відділ іноземн. літератури НБ | 17/02/2017 | Акт №01/17 | 1.00 | 09 | 215891 | 10/11/2021 | 17/02/2017 | Книги |